Statistics for Italian capitals

Click here to take the quiz!

General Stats

  • This quiz has been taken 20 times
  • The average score is 13 of 20

Answer Stats

HintAnswer% Correct
LazioRome
100%
VenetoVenice
100%
Aosta ValleyAosta
80%
ApuliaBari
80%
Emilia-RomagnaBologna
80%
TuscanyFlorence
80%
LombardyMilan
80%
CampaniaNaples
80%
Trentino-Alto AdigeTrento
80%
Friuli-Venezia GiuliaTrieste
80%
MoliseCampobasso
60%
LiguriaGenoa
60%
AbruzzoL'aquila
60%
SicilyPalermo
60%
PiedmontTurin
60%
CalabriaCatanzaro
40%
UmbriaPerugia
40%
MarcheAncona
20%
BasilicataPotenza
20%
SardiniaCagliari
0%

Score Distribution

Percentile by Number Answered

Percent of People with Each Score

Your Score History

You have not taken this quiz